000 00835nam a2200229Ii 4500
003 JO-AjNU
008 230605s9999||||xx |||||||||||||| ||und||
017 _a2009/5/1914
020 _a978-9957-24-504-7
040 _aJO-AjNU
_bara
_erda
_cJO-AjNU
041 _aara
050 1 4 _aHF5415.T3422.2010
100 3 _aطالب،علاء فرحان/عبد الحسين حسن حبيب/امير غانم العوادي,
_eauthor
_934082
245 0 0 _aفلسفة التسويق الاخضر
250 _aط1
264 3 1 _aعمان:دار صفاء للنشر والتوزيع؛2010
300 _a314ص
_bيحتوي على ببلوغرافية من ص281-314ص
336 _atext
_btxt
_2rdacontent
337 _aunmediated
_bn
_2rdamedia
338 _avolume
_bnc
_2rdacarrier
650 4 _aالتسويق -ادارة مبيعات
_934083
999 _aA13936
_c17504
_d17504